<?xml version="1.0" encoding="UTF-8"?>
<marc:record xmlns:marc="http://www.loc.gov/MARC21/slim">
   <marc:leader>00000nam a2200000 a 4500</marc:leader>
   <marc:datafield ind1="1" ind2=" " tag="100">
      <marc:subfield code="a">Waugh, Ric Roman</marc:subfield>
      <marc:subfield code="4">aut</marc:subfield>
      <marc:subfield code="e">Verfasser/-in</marc:subfield>
   </marc:datafield>
   <marc:datafield ind1="1" ind2=" " tag="100">
      <marc:subfield code="a">Freeman, Morgan</marc:subfield>
   </marc:datafield>
   <marc:datafield ind1="1" ind2=" " tag="100">
      <marc:subfield code="a">Butler, Gerard</marc:subfield>
   </marc:datafield>
   <marc:datafield ind1="0" ind2="0" tag="245">
      <marc:subfield code="a">Angel has fallen [Bildtonträger]</marc:subfield>
   </marc:datafield>
   <marc:datafield ind1="0" ind2="0" tag="245">
      <marc:subfield code="b">Loyalität um jeden Preis</marc:subfield>
   </marc:datafield>
   <marc:datafield ind1="0" ind2="0" tag="245">
      <marc:subfield code="c">Darst.: Gerard Butler, Morgna Freeman. Regie: Ric Roman Waugh</marc:subfield>
   </marc:datafield>
   <marc:datafield ind1=" " ind2="1" tag="264">
      <marc:subfield code="a">München</marc:subfield>
      <marc:subfield code="b">Universum Film GmbH</marc:subfield>
      <marc:subfield code="c">2020</marc:subfield>
   </marc:datafield>
   <marc:datafield ind1="1" ind2=" " tag="520">
      <marc:subfield code="a">Immer an vorderster Front, um sein Leben für den Präsidenten zu geben: Mike Banning (Gerard Butler) ist der loyalste Mann des Secret Service. Zweimal in seiner langen Karriere hat er bereits den US-Präsidenten gerettet - Zeit, einen Gang runter zu schalten und über eine Versetzung in den Innendienst nachzudenken. Doch alles ändert sich nach einem vermeintlichen Routineeinsatz: Bei einem großangelegten Anschlag auf Präsident Trumbull (Morgan Freeman) stirbt fast das gesamte Secret Service-Team - nur Mike Banning überlebt und ist plötzlich der Hauptverdächtige. Während der Präsident schwer verletzt im Koma liegt, wird Banning von seinen Kollegen und dem FBI quer durchs Land gejagt und muss beweisen, wer die wahren Drahtzieher sind. Ein gnadenlos rasantes Katz-und-Maus-Spiel beginnt.</marc:subfield>
   </marc:datafield>
   <marc:datafield ind1=" " ind2=" " tag="020">
      <marc:subfield code="a">4061229012300</marc:subfield>
      <marc:subfield code="9">4061229012300</marc:subfield>
   </marc:datafield>
   <marc:datafield ind1="3" ind2=" " tag="024">
      <marc:subfield code="a">4061229012300</marc:subfield>
   </marc:datafield>
   <marc:datafield ind1="0" ind2=" " tag="490">
      <marc:subfield code="v">0</marc:subfield>
   </marc:datafield>
   <marc:datafield ind1=" " ind2=" " tag="300">
      <marc:subfield code="a">1 DVD : ca. 116 Min.</marc:subfield>
   </marc:datafield>
</marc:record>
